Cardinal Countries - Statistics

General Stats
  • This quiz has been taken 21 times
  • The average score is 20 of 24
Answer Stats
Hint Answer % Correct
East Russia
94%
North Russia
94%
East Russia
94%
West United States of America
94%
North United States of America
94%
South Chile
89%
East Chile
89%
West Iceland
89%
South South Africa
89%
West Australia
83%
West Brazil
83%
South Indonesia
83%
South New Zealand
83%
North Norway
83%
South Panama
83%
West Turkey
83%
North Colombia
78%
North Tunisia
78%
West Cape Verde
72%
North Denmark | Greenland
72%
East Denmark | Greenland
72%
East Ecuador
72%
South Greece
72%
East Mauritius
67%
No matching quizzes found
Score Distribution
Percent of People with Each Score
Percentile by Number Answered
Your Score History
You have not taken this quiz